Georgia O'Keeffe : (Record no. 8618)

MARC details
000 -LEADER
fixed length control field 00983nam a22002897a 4500
001 - CONTROL NUMBER
control field 8618
003 - CONTROL NUMBER IDENTIFIER
control field FISKH
005 - DATE AND TIME OF LATEST TRANSACTION
control field 20251009144925.0
008 - FIXED-LENGTH DATA ELEMENTS--GENERAL INFORMATION
fixed length control field 251006b cb ||||| |||| 00| 0 eng d
020 ## - INTERNATIONAL STANDARD BOOK NUMBER
International Standard Book Number 9780516422978
040 ## - CATALOGING SOURCE
Original cataloging agency FISKH
Language of cataloging eng
Transcribing agency FISKH
Modifying agency FISKH
050 ## - LIBRARY OF CONGRESS CALL NUMBER
Classification number ND237.O5 V46
082 ## - DEWEY DECIMAL CLASSIFICATION NUMBER
Classification number 759.13
100 ## - MAIN ENTRY--PERSONAL NAME
Personal name Venezia, Mike
Relator term Author
245 ## - TITLE STATEMENT
Title Georgia O'Keeffe :
Remainder of title Getting to know the world's greatest artists
Statement of responsibility, etc. Written and illustrated by Mike Venezia
260 ## - PUBLICATION, DISTRIBUTION, ETC.
Place of publication, distribution, etc. Danbury :
Name of publisher, distributor, etc. Children's press ,
Date of publication, distribution, etc. 1993
300 ## - PHYSICAL DESCRIPTION
Extent 31 pages :
Other physical details color illustrations ;
Dimensions 25 cm.
505 ## - FORMATTED CONTENTS NOTE
Formatted contents note R<br/>
520 ## - SUMMARY, ETC.
Summary, etc. Briefly examines the life and work of the twentieth-century American artist known for her paintings of flowers and presents examples of her art.
521 8# - TARGET AUDIENCE NOTE
Target audience note 870<br/>
Source Lexile<br/>
521 8# - TARGET AUDIENCE NOTE
Target audience note R<br/>
Source Raz-Plus<br/>
650 ## - SUBJECT ADDED ENTRY--TOPICAL TERM
Topical term or geographic name entry element Art and music
Form subdivision Artist
650 ## - SUBJECT ADDED ENTRY--TOPICAL TERM
Topical term or geographic name entry element O'Keeffe
Form subdivision Creative arts
700 ## - ADDED ENTRY--PERSONAL NAME
Personal name Venezia, Mike
Relator term Illustrator
942 ## - ADDED ENTRY ELEMENTS (KOHA)
Source of classification or shelving scheme Dewey Decimal Classification
Koha item type Books
Suppress in OPAC No
Holdings
Withdrawn status Lost status Source of classification or shelving scheme Damaged status Not for loan Home library Current library Shelving location Date acquired Total Checkouts Full call number Barcode Date last seen Copy number Price effective from Koha item type
    Dewey Decimal Classification     Footprints International School Library Network Toul Tom Poung Campus Footprints International School Library Network Toul Tom Poung Campus TTP Secondary Non-Fiction Bookshelves 10/06/2025   VEN 759.13 ND237.O5 V46 FISTK01487 10/06/2025 1 10/06/2025 Books
    Dewey Decimal Classification     Footprints International School Library Network Toul Tom Poung Campus Footprints International School Library Network Toul Tom Poung Campus TTP Secondary Non-Fiction Bookshelves 10/10/2025   VEN 759.13 ND237.O5 V46 2025-4528 10/10/2025 2 10/10/2025 Books